[Event "9th Nana Aleksandria Cup"]
[Site "Poti GEO"]
[Date "2014.07.14"]
[Round "2.5"]
[White "Gaboyan, Susanna"]
[Black "Alaverdyan, Gevorg"]
[Result "0-1"]
[BlackTitle "FM"]
[WhiteElo "2001"]
[BlackElo "2355"]
[WhiteFideId "13303627"]
[BlackFideId "13303058"]
[EventDate "2014.07.13"]

1. d4 Nf6 2. c4 e6 3. Nf3 b6 4. e3 Bb7 5. Bd3 Ne4 6. O-O f5 7. Ne5 Nf6 8. Nc3
Bb4 9. Bd2 O-O 10. a3 Bxc3 11. Bxc3 d6 12. Nf3 Ne4 13. Rc1 Nd7 14. Qe2 Qf6 15.
Be1 Qg6 16. Nh4 Qh6 17. f3 Nef6 18. d5 g6 19. dxe6 Ne5 20. b4 c5 21. Bg3 Rae8
22. Rcd1 Nh5 23. Bxe5 dxe5 24. Bc2 Nf6 25. g3 Rxe6 26. Rd2 Rfe8 27. Rfd1 f4 28.
e4 Qg5 29. Qe1 fxg3 30. hxg3 Nh5 31. Kg2 Bc8 32. Ba4 Rf8 33. Bd7 Bxd7 34. Rxd7
Ref6 35. Rxa7 Rf4 36. Kh2 Rxh4+ 37. gxh4 Qf4+ 38. Kg1 Qxf3 39. Rdd7 Nf6 40. Rg7+
Kh8 41. Qf2 Qg4+ 42. Kh2 Qxe4 43. Rge7 Qxc4 44. Re8 Ng4+ 45. Kg3 Rxe8 0-1

[Event "9th Nana Aleksandria Cup"]
[Site "Poti GEO"]
[Date "2014.07.14"]
[Round "2.6"]
[White "Mgeladze, Tamaz"]
[Black "Soysal, Serkan"]
[Result "1-0"]
[WhiteTitle "FM"]
[WhiteElo "2325"]
[BlackElo "2198"]
[WhiteFideId "13601202"]
[BlackFideId "6349250"]
[EventDate "2014.07.13"]

1. c4 e5 2. g3 Nf6 3. Bg2 h6 4. Nc3 Bb4 5. Qb3 Bxc3 6. Qxc3 d6 7. Nf3 e4 8. Nd4
O-O 9. O-O Re8 10. b4 c5 11. Nc2 Bg4 12. Re1 Nc6 13. Bb2 Ne5 14. Ne3 Bh5 15. a4
Rc8 16. b5 Qd7 17. h3 Re7 18. Rad1 Rce8 19. Qa5 Ra8 20. Qc3 Rae8 21. Kf1 Qc8 22.
Qa5 Qb8 23. Kg1 Rd7 24. Qc3 Rde7 25. g4 Bg6 26. d4 Ned7 27. a5 Qc8 28. dxc5 dxc5
29. Rd6 Re6 30. Red1 Rxd6 31. Rxd6 Re6 32. Rxe6 fxe6 33. Nf1 Qc7 34. Ng3 Qd6 35.
Qc2 Kf7 36. Nxe4 Qf4 37. Qd2 Qxd2 38. Nxd2 b6 39. a6 e5 40. Bc6 Ke6 41. Kg2 Nb8
42. Bb7 Kd6 43. Kf3 Nbd7 44. Ke3 Bf7 45. f3 Nf8 46. f4 exf4+ 47. Kxf4 Ng6+ 48.
Ke3 Ne5 49. Ne4+ Nxe4 50. Kxe4 Nxc4 51. Bxg7 h5 52. Bf8+ Kc7 53. Bc6 hxg4 54.
hxg4 Bg6+ 55. Kf4 Na5 56. Bd5 1-0

[Event "9th Nana Aleksandria Cup"]
[Site "Poti GEO"]
[Date "2014.07.14"]
[Round "2.7"]
[White "Mikadze, Miranda"]
[Black "Sibashvili, Giorgi"]
[Result "1-0"]
[WhiteTitle "WIM"]
[WhiteElo "2240"]
[BlackElo "2283"]
[WhiteFideId "13603108"]
[BlackFideId "13602799"]
[EventDate "2014.07.13"]

1. d4 Nf6 2. Nf3 c5 3. c3 d5 4. Bf4 Nc6 5. dxc5 e6 6. e3 Bxc5 7. Nbd2 O-O 8. Be2
h6 9. Ne5 Bd6 10. Ndc4 Nxe5 11. Bxe5 Bc7 12. Bxc7 Qxc7 13. Na3 e5 14. O-O Be6
15. c4 Rfd8 16. cxd5 Rxd5 17. Qe1 e4 18. Nb5 Qe5 19. Nd4 Bg4 20. h3 Bd7 21. Qb4
Qg5 22. Qxb7 Re8 23. Kh2 Qh4 24. Qc7 Ree5 25. f4 Rh5 26. f5 Rg5 27. g3 1-0

[Event "9th Nana Aleksandria Cup"]
[Site "Poti GEO"]
[Date "2014.07.14"]
[Round "2.8"]
[White "Gharagyozyan, Artur"]
[Black "Tutisani, Noe"]
[Result "1-0"]
[WhiteElo "2278"]
[BlackElo "2128"]
[WhiteFideId "13303279"]
[BlackFideId "13602853"]
[EventDate "2014.07.13"]

1. e4 c5 2. Nf3 d6 3. d4 cxd4 4. Nxd4 Nf6 5. Nc3 Nbd7 6. Be3 a6 7. f3 e6 8. Qd2
b5 9. O-O-O Bb7 10. Kb1 Nb6 11. Qf2 Nfd7 12. Bd3 Rc8 13. Nce2 d5 14. exd5 Nxd5
15. Nf4 Nxe3 16. Qxe3 Bc5 17. Nfxe6 fxe6 18. Qxe6+ Qe7 19. Rhe1 Qxe6 20. Nxe6
Kf7 21. Ng5+ Kf6 22. Nxh7+ Rxh7 23. Bxh7 Nb6 24. Be4 Rc7 25. Bxb7 Rxb7 26. Re4
g6 27. c3 Nc4 28. a3 Rc7 29. Ka2 Rh7 30. h4 Ne3 31. Rd2 Nf5 32. Rd5 Be7 33. Rde5
Bd6 34. Re6+ Kf7 35. g4 Ng3 36. Rxd6 Nxe4 37. Rd7+ 1-0

[Event "9th Nana Aleksandria Cup"]
[Site "Poti GEO"]
[Date "2014.07.14"]
[Round "2.9"]
[White "Makharadze, Jambul"]
[Black "Gholami, Aryan"]
[Result "1/2-1/2"]
[BlackTitle "FM"]
[WhiteElo "2334"]
[BlackElo "2265"]
[WhiteFideId "13601369"]
[BlackFideId "12513342"]
[EventDate "2014.07.13"]

1. Nf3 Nf6 2. g3 d5 3. b3 g6 4. Bb2 Bg7 5. Bg2 O-O 6. O-O c5 7. c4 d4 8. d3 Nc6
9. Nbd2 e5 10. a3 a5 11. Qc2 Qe7 12. Rfe1 Bf5 13. Nh4 Be6 14. e3 Qd7 15. exd4
exd4 16. Ne4 Nxe4 17. Rxe4 g5 18. Nf3 h6 19. Nd2 Bf5 20. Re2 Ne5 21. Ne4 Rac8
22. f3 Bg6 23. Rae1 Bh5 24. g4 Bg6 25. Bc1 f5 26. gxf5 Rxf5 27. Rf1 Rcf8 28.
Ref2 Qc7 29. Qe2 Qf7 30. f4 Bh5 31. Qc2 gxf4 32. Nd6 Qg6 33. Nxf5 Rxf5 34. Rxf4
Rg5 35. Kh1 Qxd3 36. Bd5+ Kh8 37. Qxd3 Nxd3 38. Rf8+ Bxf8 39. Rxf8+ Kg7 40. Rg8+
Kf6 41. Bxg5+ hxg5 42. Kg2 Bd1 43. Bxb7 Bxb3 44. Rc8 Bxc4 45. Be4 Nf4+ 46. Kf2
Ne6 47. Bf3 Bb3 48. Bg4 Nf4 49. Rc6+ Ke7 50. Kg3 Nd3 51. Bf5 c4 52. Re6+ Kf7 53.
Rd6 Nf4 54. Kg4 c3 55. Kxg5 c2 1/2-1/2

[Event "9th Nana Aleksandria Cup"]
[Site "Poti GEO"]
[Date "2014.07.14"]
[Round "2.10"]
[White "Lorparizangeneh, Shahin"]
[Black "Ghukasyan, Siranush"]
[Result "1-0"]
[WhiteTitle "FM"]
[WhiteElo "2259"]
[BlackElo "2019"]
[WhiteFideId "12521604"]
[BlackFideId "13300946"]
[EventDate "2014.07.13"]

1. d4 d5 2. c4 e6 3. Nc3 Nf6 4. cxd5 exd5 5. Bg5 c6 6. e3 h6 7. Bh4 Bf5 8. Qf3
Bg6 9. Bxf6 Qxf6 10. Qxf6 gxf6 11. Nf3 Be7 12. Nh4 Nd7 13. g3 Nb6 14. Rc1 a5 15.
f3 Bb4 16. Kf2 O-O 17. a3 Bxc3 18. bxc3 Bh7 19. g4 Rfe8 20. Nf5 Bxf5 21. gxf5
Nc8 22. Rg1+ Kh8 23. Rg4 Nd6 24. Bd3 b5 25. Rh4 Kh7 26. e4 Nc4 27. e5 Nxa3 28.
e6 Ra7 29. Rg1 Rg8 30. exf7 Rxf7 31. Rg6 1-0

[Event "9th Nana Aleksandria Cup"]
[Site "Poti GEO"]
[Date "2014.07.14"]
[Round "2.11"]
[White "Pantsulaia, Levan"]
[Black "Basencyan, Mark"]
[Result "1/2-1/2"]
[WhiteTitle "GM"]
[WhiteElo "2591"]
[BlackElo "2170"]
[WhiteFideId "13602071"]
[BlackFideId "13300725"]
[EventDate "2014.07.13"]

1. Nf3 Nf6 2. g3 d5 3. Bg2 e6 4. O-O Be7 5. c4 O-O 6. b3 c5 7. Bb2 Nc6 8. e3 b6
9. Nc3 Bb7 10. cxd5 Nxd5 11. Nxd5 Qxd5 12. d4 Qd8 13. dxc5 Bxc5 14. Ne5 Nxe5 15.
Bxb7 Rb8 16. Be4 Qxd1 17. Rfxd1 f6 18. Kf1 Rfd8 19. Ke2 Kf7 20. Rac1 Rxd1 21.
Rxd1 Ke7 22. h3 h6 23. f4 Nf7 24. Rc1 Rd8 25. Bd3 Nd6 26. g4 a5 27. a3 Nf7 28.
h4 e5 29. Bg6 exf4 30. exf4 Rd6 31. Bf5 Nd8 32. Kf3 Nc6 33. Re1+ Kd8 34. Bg6
Nd4+ 35. Bxd4 Rxd4 36. Re8+ Kc7 37. Rg8 Rd7 38. a4 Re7 39. Be4 Bb4 40. Bd5 Bc5
41. f5 Kd6 42. Be6 Ke5 43. Rc8 Ra7 44. Rc6 Re7 45. Rc8 Ra7 46. Rd8 Bd6 47. Bc4
Re7 48. Rc8 Kd4 49. Rc6 Re3+ 50. Kg2 Bc5 51. Rc7 Rg3+ 1/2-1/2

[Event "9th Nana Aleksandria Cup"]
[Site "Poti GEO"]
[Date "2014.07.14"]
[Round "2.12"]
[White "Rasulov, Vugar"]
[Black "Chkhaidze, Nikoloz"]
[Result "1-0"]
[WhiteTitle "GM"]
[WhiteElo "2521"]
[BlackElo "2182"]
[WhiteFideId "13402390"]
[BlackFideId "13601750"]
[EventDate "2014.07.13"]

1. c4 e5 2. Nc3 Nc6 3. g3 Nf6 4. Bg2 Bc5 5. d3 d6 6. Nf3 O-O 7. O-O a6 8. Bg5 h6
9. Bxf6 Qxf6 10. a3 Ba7 11. b4 Be6 12. e3 Qe7 13. Nd5 Qd7 14. Nd2 Rab8 15. Qa4
Bb6 16. Kh1 Rfd8 17. Ne4 Bxd5 18. cxd5 Ne7 19. Qb3 c6 20. Nc3 Ba7 21. Rac1 c5
22. b5 axb5 23. Nxb5 Bb6 24. e4 Ra8 25. f4 exf4 26. gxf4 Ra6 27. f5 f6 28. e5
fxe5 29. f6 Ng6 30. d4 Rf8 31. Bh3 Qd8 32. dxe5 Nxe5 33. Be6+ Kh8 34. fxg7+ Kxg7
35. Qh3 c4 36. Rxf8 Qxf8 37. Rf1 Qe7 38. Nxd6 Qg5 39. Nf5+ Kh7 40. Nxh6 Qxh6 41.
Qg3 Qg7 42. Qh4+ Qh6 43. Bf5+ Kg7 44. Qe7+ Kh8 45. Qe8+ Kg7 46. Qe7+ Kh8 47.
Qxe5+ Qg7 48. Qe8+ Qg8 49. Qh5+ Kg7 50. Qg5+ 1-0

[Event "9th Nana Aleksandria Cup"]
[Site "Poti GEO"]
[Date "2014.07.14"]
[Round "2.13"]
[White "Andreev, Eduard UKR"]
[Black "Patsia, Zviad"]
[Result "0-1"]
[WhiteTitle "GM"]
[WhiteElo "2493"]
[BlackElo "2117"]
[WhiteFideId "14103400"]
[BlackFideId "13603485"]
[EventDate "2014.07.13"]

1. e4 Nf6 2. e5 Nd5 3. d4 d6 4. Nf3 Bg4 5. Be2 e6 6. O-O Be7 7. c4 Nb6 8. Nc3
O-O 9. Be3 d5 10. c5 Bxf3 11. gxf3 Nc8 12. f4 Nc6 13. f5 exf5 14. Bf3 Bg5 15.
Nxd5 f4 16. Nxf4 Bxf4 17. Bxf4 Qxd4 18. Qxd4 Nxd4 19. Kg2 Nxf3 20. Kxf3 Ne7 21.
Rad1 Rad8 22. Ke4 Nc6 23. Be3 Rfe8 24. f4 g6 25. Bf2 f5+ 26. Ke3 Rxd1 27. Rxd1
Rd8 28. Rc1 Kf7 29. h4 Rd5 30. h5 Rd4 31. hxg6+ hxg6 32. Rh1 Re4+ 33. Kf3 g5 34.
fxg5 Nxe5+ 35. Kg2 Rg4+ 36. Kf1 Rxg5 37. Rh7+ Rg7 38. Rh8 Ke6 39. Rb8 c6 40. Bd4
Re7 41. Rd8 Nf7 42. Rf8 Rd7 43. Be3 Rd8 0-1

[Event "9th Nana Aleksandria Cup"]
[Site "Poti GEO"]
[Date "2014.07.14"]
[Round "2.14"]
[White "Yaramis, Hakan"]
[Black "Bajarani, Ulvi"]
[Result "0-1"]
[BlackTitle "GM"]
[WhiteElo "2102"]
[BlackElo "2486"]
[WhiteFideId "6304613"]
[BlackFideId "13403028"]
[EventDate "2014.07.13"]

1. d4 d5 2. Nf3 Nf6 3. e3 c5 4. b3 cxd4 5. exd4 g6 6. Bd3 Bg7 7. Bb2 O-O 8. O-O
Nc6 9. Re1 Ne8 10. Ne5 Nd6 11. Nd2 Bf5 12. Nxc6 bxc6 13. Bxf5 Nxf5 14. Nf3 c5
15. Rb1 Qc7 16. dxc5 Bxb2 17. Rxb2 Qxc5 18. Qd2 Rad8 19. g4 Ng7 20. Qd4 Qc7 21.
Qe5 Rd7 22. Qxc7 Rxc7 23. c4 dxc4 24. bxc4 Rxc4 25. Rxe7 Rxg4+ 26. Kf1 Ra4 27.
Rbb7 Nf5 28. Red7 a5 29. Ra7 Rxa2 30. Rd5 Rb8 31. Rdxa5 Ne3+ 32. fxe3 Rb1+ 33.
Ne1 Rxh2 34. Re5 Rh1+ 35. Kg2 Rbxe1 36. Ree7 Rhf1 37. e4 Rf4 38. e5 Kf8 39. e6
Rxe6 40. Rxe6 fxe6 41. Rxh7 Rf7 42. Rh8+ Kg7 43. Re8 Kf6 44. Kg3 Kf5 45. Kf3 Rf6
46. Rb8 Kg5+ 47. Kg3 e5 48. Re8 Kf5 49. Kf3 Rf7 50. Ke3 Kg4 51. Rxe5 g5 52. Ra5
Kh4 53. Ra1 g4 54. Kd4 0-1

[Event "9th Nana Aleksandria Cup"]
[Site "Poti GEO"]
[Date "2014.07.14"]
[Round "2.15"]
[White "Javakhadze, Zurab"]
[Black "Gavasheli, Ana"]
[Result "1-0"]
[WhiteTitle "IM"]
[BlackTitle "WIM"]
[WhiteElo "2428"]
[BlackElo "2135"]
[WhiteFideId "13603647"]
[BlackFideId "13602586"]
[EventDate "2014.07.13"]

1. Nf3 c5 2. e4 e6 3. d3 Nc6 4. g3 d6 5. Bg2 g6 6. O-O Bg7 7. c3 Nge7 8. Nbd2
O-O 9. Re1 e5 10. a3 a5 11. a4 h6 12. Nh4 g5 13. Nhf3 f5 14. exf5 Bxf5 15. Nc4
Bg4 16. Ne3 Be6 17. h4 Ng6 18. hxg5 hxg5 19. Nf1 Bh6 20. d4 cxd4 21. cxd4 Qf6
22. d5 Bg4 23. N1h2 Bxf3 24. Qxf3 Qxf3 25. Bxf3 Nd4 26. Be4 Ne7 27. Ng4 Kg7 28.
Kg2 Nb3 29. Nxh6 Kxh6 30. Rh1+ Kg7 31. Bxg5 Nxa1 32. Bxe7 Rfe8 33. Rh7+ Kg8 34.
Bxd6 Nb3 35. Rxb7 Nd2 36. Bh7+ Kh8 37. Bg6 Nc4 38. Be7 1-0

[Event "9th Nana Aleksandria Cup"]
[Site "Poti GEO"]
[Date "2014.07.14"]
[Round "2.16"]
[White "Shahinyan, David"]
[Black "Imnadze, Nato"]
[Result "1-0"]
[WhiteTitle "FM"]
[BlackTitle "WFM"]
[WhiteElo "2396"]
[BlackElo "2101"]
[WhiteFideId "13304380"]
[BlackFideId "13600974"]
[EventDate "2014.07.13"]

1. Nf3 d5 2. g3 Nf6 3. Bg2 c6 4. O-O Bg4 5. d4 Nbd7 6. Nbd2 e6 7. Re1 Be7 8. e4
O-O 9. c3 dxe4 10. Nxe4 Nxe4 11. Rxe4 Bxf3 12. Qxf3 Bg5 13. Bxg5 Qxg5 14. a4
Rae8 15. h4 Qh6 16. a5 a6 17. Rae1 f5 18. R4e2 Rf6 19. Qd3 g5 20. hxg5 Qxg5 21.
d5 cxd5 22. Bxd5 Nf8 23. Bxb7 f4 24. Re5 Qg7 25. Bg2 Rg6 26. Kh2 Nd7 27. R5e2
Nf6 28. Bh3 Qh6 29. Rh1 Kh8 30. Kg1 fxg3 31. Qe3 gxf2+ 32. Kf1 Qxe3 33. Rxe3 Rh6
34. Bg2 Ng4 35. Rg3 Rxh1+ 36. Bxh1 h5 37. Rh3 Kg7 38. Rxh5 Ne3+ 39. Kxf2 Nd1+
40. Ke2 Nxb2 41. Bb7 e5 42. Rh4 e4 43. Rh5 Na4 44. Bxa6 Nxc3+ 45. Ke3 Nd1+ 46.
Ke2 Nc3+ 47. Kd2 Nb1+ 48. Ke3 Re7 49. Rc5 Na3 50. Be2 Ra7 51. a6 Nb1 52. Rc1 Na3
53. Rc3 1-0

[Event "9th Nana Aleksandria Cup"]
[Site "Poti GEO"]
[Date "2014.07.14"]
[Round "2.17"]
[White "Khazhomia, Salome"]
[Black "Beradze, Irakli"]
[Result "1/2-1/2"]
[WhiteTitle "WFM"]
[WhiteElo "2128"]
[BlackElo "2379"]
[WhiteFideId "13603230"]
[BlackFideId "13604597"]
[EventDate "2014.07.13"]

1. d4 Nf6 2. c4 e6 3. Nf3 b6 4. Nc3 Bb4 5. e3 Bb7 6. Be2 Bxc3+ 7. bxc3 O-O 8.
O-O d6 9. Ba3 Nbd7 10. Qb3 c5 11. Rfd1 Qe7 12. Bb2 Ne4 13. d5 Rae8 14. Qc2 Ndf6
15. Bd3 exd5 16. cxd5 Nxd5 17. a3 Ndf6 18. c4 Ng4 19. Bxe4 Bxe4 20. Qc3 f6 21.
Ne1 Bb7 22. Nd3 g5 23. Re1 Qe6 24. f3 Ne5 25. Nxe5 dxe5 26. Rad1 Rd8 27. Rd3
Rxd3 28. Qxd3 e4 29. fxe4 Bxe4 30. Qc3 Rd8 31. h3 Rd3 32. Qxf6 Qxf6 33. Bxf6 h6
34. a4 Rd2 35. g4 Rg2+ 36. Kf1 Ra2 37. Ra1 Rh2 38. Be5 Rxh3 39. Ra3 Rf3+ 40. Ke1
Rf7 41. a5 Re7 42. Bd6 Rd7 43. Bb8 Bd3 44. axb6 axb6 45. Ra7 Rxa7 46. Bxa7 Bxc4
47. Bxb6 Be6 48. Bxc5 Bxg4 49. Kf2 Bf5 50. Be7 Kf7 51. Bd8 Kg6 52. Kg2 Bd7 53.
Be7 Kf7 54. Bd8 Ke6 55. Kf3 Ba4 56. Kg3 Kf5 57. Be7 h5 58. e4+ Kg6 59. Bd8 Bc6
60. Be7 h4+ 61. Kh2 Kh5 62. Bd8 Ba4 63. Be7 g4 64. Bd6 Bc6 65. Bc7 Bxe4 66. Bd6
Bc6 67. Bc7 Bd7 68. Kg2 Kg6 69. Bd8 Bc6+ 70. Kh2 Kh5 1/2-1/2

[Event "9th Nana Aleksandria Cup"]
[Site "Poti GEO"]
[Date "2014.07.14"]
[Round "2.18"]
[White "Chighladze, Iveri"]
[Black "Barseghyan, Harutyun"]
[Result "0-1"]
[WhiteTitle "IM"]
[WhiteElo "2357"]
[BlackElo "2108"]
[WhiteFideId "13602039"]
[BlackFideId "13304585"]
[EventDate "2014.07.13"]

1. d4 Nf6 2. c4 c5 3. d5 e6 4. Nc3 exd5 5. cxd5 d6 6. e4 g6 7. f4 Bg7 8. Bb5+
Nfd7 9. a4 O-O 10. Nf3 Na6 11. O-O Nc7 12. Bxd7 Bxd7 13. f5 b5 14. Bg5 Bf6 15.
Bxf6 Qxf6 16. e5 Qxf5 17. Qd2 b4 18. Qh6 f6 19. Ne2 dxe5 20. Rac1 Nxd5 21. Rxc5
Nf4 22. Nxf4 Qxf4 23. Qxf4 exf4 24. Ra5 g5 25. Rd1 Bg4 26. Rd4 Bxf3 27. gxf3
Rfb8 28. Rd6 Kg7 29. h4 h6 30. h5 Rb7 31. Rad5 Re8 32. Rd7+ Re7 33. Rxb7 Rxb7
34. a5 Kf7 35. Rd6 Rc7 36. Ra6 Rc1+ 37. Kg2 Rc2+ 38. Kh3 Rxb2 39. Kg4 Rd2 40.
Rxa7+ Ke6 41. Ra6+ Ke5 42. Rb6 Rd5 43. a6 Ra5 44. Rxb4 f5+ 45. Kh3 Rxa6 46. Rb5+
Kf6 47. Rb3 Re6 48. Ra3 g4+ 49. Kg2 Kg5 50. Ra5 g3 51. Ra2 Kxh5 52. Rb2 Kg5 53.
Ra2 h5 54. Rb2 Re1 55. Ra2 Rc1 56. Rb2 h4 57. Ra2 h3+ 0-1

[Event "9th Nana Aleksandria Cup"]
[Site "Poti GEO"]
[Date "2014.07.14"]
[Round "2.19"]
[White "Benidze, Davit"]
[Black "Babayan, Armine"]
[Result "1-0"]
[WhiteTitle "GM"]
[WhiteElo "2476"]
[BlackElo "2098"]
[WhiteFideId "13603086"]
[BlackFideId "13304135"]
[EventDate "2014.07.13"]

1. Nf3 Nf6 2. g3 b6 3. Bg2 Bb7 4. d3 g6 5. O-O Bg7 6. e4 d6 7. Nbd2 O-O 8. Re1
Nbd7 9. c3 Nc5 10. Qc2 Ba6 11. Bf1 e5 12. b3 Nh5 13. Ba3 Ne6 14. Bg2 g5 15. Nf1
g4 16. N3d2 Nef4 17. gxf4 exf4 18. f3 g3 19. Rad1 Qh4 20. Bc1 Rae8 21. hxg3 fxg3
22. f4 Qxf4 23. Nf3 Qf6 24. c4 Bc8 25. Qd2 h6 26. Ne3 c6 27. Rf1 Qd8 28. Rde1 f5
29. Nxf5 Bxf5 30. exf5 Rxf5 31. Rxe8+ Qxe8 32. Qe3 Qf8 33. Nh4 Rxf1+ 34. Bxf1
Qf6 35. Nf3 Qg6 36. Bh3 Nf6 37. Qe6+ Qf7 38. Qxd6 Ne4 39. dxe4 Qxf3 40. Qe6+ Kh8
41. Qc8+ Bf8 42. Bb2+ Kg8 43. Be6+ 1-0

[Event "9th Nana Aleksandria Cup"]
[Site "Poti GEO"]
[Date "2014.07.14"]
[Round "2.20"]
[White "Zeynalli, Rashad"]
[Black "Khurtsilava, Inga"]
[Result "0-1"]
[BlackTitle "WGM"]
[WhiteElo "2093"]
[BlackElo "2233"]
[WhiteFideId "13403320"]
[BlackFideId "13600419"]
[EventDate "2014.07.13"]

1. Nf3 d5 2. g3 Nf6 3. Bg2 c5 4. O-O Nc6 5. d4 cxd4 6. Nxd4 e5 7. Nxc6 bxc6 8.
c4 e4 9. cxd5 cxd5 10. Bg5 Be7 11. Nc3 Be6 12. Qa4+ Qd7 13. Qxd7+ Nxd7 14. Be3
Bf6 15. Nb5 O-O 16. Bxa7 Bxb2 17. Rab1 Be5 18. a3 Bd6 19. Rfc1 Bxa3 20. Rc7 Be7
21. Rb7 Bc5 22. Bxc5 Nxc5 23. Rc7 Rfc8 24. Rxc8+ Rxc8 25. Nd4 Na4 26. f3 Nc3 27.
Rb6 e3 28. f4 Bg4 29. Rb2 g6 30. h3 Bf5 31. Nxf5 gxf5 32. h4 d4 33. Bf3 Rc4 34.
Rb7 Ra4 35. Rd7 Kg7 36. Bh5 Kh6 37. Bf3 Kg6 38. Rd6+ Kg7 39. Rd7 Kf6 40. Kg2 Ke6
41. Rd8 Ke7 42. Rc8 Ra2 43. Kf1 Ra1+ 44. Kg2 Re1 45. Rc7+ Ke8 46. Bh5 Nxe2 47.
Rxf7 d3 48. Rxf5+ Ke7 49. Re5+ Kf6 50. Rd5 d2 51. Rd3 Rg1+ 52. Kf3 Nc1 53. Kxe3
Nxd3 54. Kxd3 d1=Q+ 55. Bxd1 Rxd1+ 56. Ke4 h5 0-1

[Event "9th Nana Aleksandria Cup"]
[Site "Poti GEO"]
[Date "2014.07.14"]
[Round "3.1"]
[White "Babujian, Levon"]
[Black "Gharagyozyan, Artur"]
[Result "1-0"]
[WhiteTitle "GM"]
[WhiteElo "2469"]
[BlackElo "2278"]
[WhiteFideId "13301993"]
[BlackFideId "13303279"]
[EventDate "2014.07.13"]

1. d4 d5 2. c4 e6 3. Nc3 Nf6 4. Nf3 Nbd7 5. cxd5 exd5 6. Bg5 Be7 7. e3 O-O 8.
Bd3 Re8 9. O-O Nf8 10. Ne5 c6 11. f4 N6d7 12. Qh5 g6 13. Bxe7 Qxe7 14. Qf3 f6
15. Nxd7 Nxd7 16. e4 dxe4 17. Nxe4 f5 18. Ng5 Nb6 19. Bc2 h6 20. Bb3+ Kg7 21.
Rae1 Qxe1 22. Rxe1 Rxe1+ 23. Kf2 Re7 24. d5 hxg5 25. Qc3+ Kf7 26. d6+ Re6 27.
Qh8 gxf4 28. Qd8 Kg7 29. Bxe6 Bxe6 30. Qe7+ Bf7 31. d7 Nxd7 32. Qxd7 Kg8 33. b3
b5 34. Kf3 c5 35. Qxb5 Re8 36. Qxc5 Re4 37. h4 a6 38. Qc8+ Kg7 39. Qxa6 Bd5 40.
Kf2 f3 41. gxf3 Rxh4 42. Qd6 Bf7 43. Qe5+ Kg8 44. a3 f4 45. Kg2 Rh5 46. Qxf4 Rf5
47. Qe3 Bd5 48. b4 g5 49. Kg3 Kg7 50. b5 Kf6 51. a4 Re5 52. Qd4 1-0

[Event "9th Nana Aleksandria Cup"]
[Site "Poti GEO"]
[Date "2014.07.14"]
[Round "3.2"]
[White "Hayrapetyan, Hovik"]
[Black "Lorparizangeneh, Shahin"]
[Result "1/2-1/2"]
[WhiteTitle "GM"]
[BlackTitle "FM"]
[WhiteElo "2422"]
[BlackElo "2259"]
[WhiteFideId "13302639"]
[BlackFideId "12521604"]
[EventDate "2014.07.13"]

1. d4 Nf6 2. Nf3 g6 3. c4 Bg7 4. Nc3 d5 5. cxd5 Nxd5 6. Bd2 O-O 7. e4 Nxc3 8.
Bxc3 c5 9. d5 e6 10. Bc4 Bxc3+ 11. bxc3 b5 12. Bxb5 Qa5 13. Qb3 exd5 14. exd5
Ba6 15. Bxa6 Qxa6 16. c4 Re8+ 17. Kf1 Nd7 18. g3 Rab8 19. Qd3 Nb6 20. Kg2 Qxc4
21. Qxc4 Nxc4 22. Rac1 Nd6 23. Rc2 Rb5 24. Rhc1 c4 25. Nd2 Rxd5 26. Nxc4 Nxc4
27. Rxc4 Re2 1/2-1/2

[Event "9th Nana Aleksandria Cup"]
[Site "Poti GEO"]
[Date "2014.07.14"]
[Round "3.3"]
[White "Alaverdyan, Gevorg"]
[Black "Hayrapetyan, Artavazd R."]
[Result "1-0"]
[WhiteTitle "FM"]
[WhiteElo "2355"]
[BlackElo "2249"]
[WhiteFideId "13303058"]
[BlackFideId "13304240"]
[EventDate "2014.07.13"]

1. Nf3 g6 2. g3 Bg7 3. Bg2 Nc6 4. d4 d6 5. O-O e5 6. dxe5 Nxe5 7. Nxe5 Bxe5 8.
c4 Ne7 9. Nc3 O-O 10. Bg5 Qd7 11. Qd2 Re8 12. Rfd1 Qg4 13. Nb5 Qxc4 14. a4 a6
15. b3 Qxb3 16. Nxc7 Bxa1 17. Rxa1 1-0

[Event "9th Nana Aleksandria Cup"]
[Site "Poti GEO"]
[Date "2014.07.14"]
[Round "3.4"]
[White "Mikadze, Miranda"]
[Black "Mgeladze, Tamaz"]
[Result "1-0"]
[WhiteTitle "WIM"]
[BlackTitle "FM"]
[WhiteElo "2240"]
[BlackElo "2325"]
[WhiteFideId "13603108"]
[BlackFideId "13601202"]
[EventDate "2014.07.13"]

1. e4 c5 2. c3 d6 3. d4 Nf6 4. Bd3 g6 5. dxc5 dxc5 6. Nf3 Nc6 7. Be3 c4 8. Bxc4
Qxd1+ 9. Kxd1 Nxe4 10. Nbd2 Nxd2 11. Nxd2 Bg7 12. Ke2 O-O 13. Rhd1 Bf5 14. Bd5
Rfd8 15. Nb3 Rd6 16. Nc5 Rb8 17. Bf4 Be5 18. Bxe5 Nxe5 19. f3 b6 20. Ne4 Rd7 21.
Rd4 Rbd8 22. Rad1 Kg7 23. Ke3 Rc7 24. Bb3 Rxd4 25. Rxd4 h6 26. Ng3 Bc8 27. Ne2
g5 28. Rd8 Nc6 29. Re8 Bd7 30. Ra8 e5 31. Ba4 Ne7 32. Bc2 Nd5+ 33. Kd2 Bc8 34.
c4 Nb4 35. Bb1 f5 36. Nc3 Be6 37. a3 Nc6 38. Nd5 Rd7 39. Kc3 Bxd5 40. cxd5 Nd4
41. g4 Nb5+ 42. Kb4 Rxd5 43. Bxf5 Rc5 44. a4 a5+ 45. Rxa5 bxa5+ 46. Kxc5 Nd4 47.
Be4 1-0

[Event "9th Nana Aleksandria Cup"]
[Site "Poti GEO"]
[Date "2014.07.14"]
[Round "3.5"]
[White "Golod, Vitali"]
[Black "Makharadze, Jambul"]
[Result "1-0"]
[WhiteTitle "GM"]
[WhiteElo "2565"]
[BlackElo "2334"]
[WhiteFideId "2804140"]
[BlackFideId "13601369"]
[EventDate "2014.07.13"]

1. d4 Nf6 2. c4 e6 3. Nc3 Bb4 4. Qc2 O-O 5. a3 Bxc3+ 6. Qxc3 b6 7. Bg5 Bb7 8. e3
d6 9. Ne2 Nbd7 10. Qc2 c5 11. Rd1 Qc7 12. Nc3 a6 13. Bh4 Rac8 14. f3 d5 15. cxd5
exd5 16. Be2 Rfe8 17. dxc5 bxc5 18. Bf2 c4 19. O-O Qe5 20. Rfe1 Nc5 21. Bf1 Bc6
22. Rd4 Nb3 23. Rdd1 Nd7 24. e4 Qf4 25. Nxd5 Bxd5 26. Rxd5 Nf6 27. Bg3 Qh6 28.
Rd6 Qg5 29. Red1 h5 30. Qf2 Qb5 31. Bh4 Nh7 32. R6d5 Qa4 33. Qc2 c3 34. bxc3
Qxa3 35. Rxh5 a5 36. Bb5 Rc5 37. Bxe8 Rxh5 38. Bf2 a4 39. h4 Ra5 40. Rd7 Kf8 41.
Bxf7 Nf6 42. Rb7 Nc5 43. Rc7 Ncd7 44. Qa2 Qc1+ 45. Kh2 Ra8 46. Bg6 Ke7 47. Qf7+
Kd8 48. Rxd7+ Nxd7 1-0

[Event "9th Nana Aleksandria Cup"]
[Site "Poti GEO"]
[Date "2014.07.14"]
[Round "3.6"]
[White "Gholami, Aryan"]
[Black "Rasulov, Vugar"]
[Result "1/2-1/2"]
[WhiteTitle "FM"]
[BlackTitle "GM"]
[WhiteElo "2265"]
[BlackElo "2521"]
[WhiteFideId "12513342"]
[BlackFideId "13402390"]
[EventDate "2014.07.13"]

1. d4 Nf6 2. Nf3 c5 3. e3 e6 4. c4 cxd4 5. exd4 d5 6. Nc3 Bb4 7. cxd5 Nxd5 8.
Bd2 Nc6 9. Bd3 O-O 10. O-O Nf6 11. Bg5 Be7 12. Rc1 Nd5 13. Bxe7 Ncxe7 14. Ne5
Nf6 15. Ne4 Ned5 16. Qf3 Qb6 17. Nc4 Qd8 18. Ne5 Rb8 19. Rfd1 Bd7 20. Nc5 Be8
21. h3 Qe7 22. Ne4 a6 23. Qg3 Nh5 24. Qf3 Nhf4 25. Nc3 Rd8 26. Nxd5 Nxd5 27. Be4
Bb5 28. Rc5 b6 29. Rxb5 axb5 30. Nc6 Qc7 31. Nxd8 Rxd8 32. Qb3 Qc6 33. a3 g6 34.
Bd3 b4 35. axb4 Qd6 36. b5 Ne7 37. Bc2 Nd5 38. Be4 Ne7 39. Qa3 e5 40. d5 f5 41.
Bc2 Kg7 42. Bb3 Kf6 43. Rc1 1/2-1/2